000 00479nam a2200181Ia 4500
003 GCL
008 140319s9999 xx 000 0 eng d
040 _aGCL /
_cGCL
082 0 4 _a780.9
_bS D
100 1 _aSTALBA, KMARIE
245 1 0 _aTHE DEVELOPMENT OF WESTERN MUSIC: A HISTORY /
_cSTALBA, KMARIE
260 _a[S.N] :
_bBROWN & BENCHMARK ،
_c1995
300 _a553 P
650 0 4 _aHISTORY AND CRITICISM
650 0 4 _aMUSIC
650 0 4 _aWESTERN MUSIC
942 _2ddc
_cBK
999 _c11766
_d11766